000 00807nam a2200253Ia 4500
003 OSt
005 20220923211356.0
006 a|||||r|||| 00| 0
007 ta
008 220922b |||||||| |||| 00| 0 hin d
020 _a9788188026261 (hbk)
_c275
024 _a244,237
037 _b331, 02/12/2010, Eastern Book Linkers
_cTextual
040 _aARTS
_cARTS
_bhin
041 _2hin
_ahin
082 _aO15,1F00,1, 152Q0
100 _aजयदेव
245 0 _aगीतगोविंद
246 _aGītagovianda
260 _aदिल्ली
_b राजकुमार एण्ड सन्ज़
_c2010
300 _a208पृ.
_ccm.
942 _hO15,1F00,1, 152Q0
_cTEXL
_2CC
999 _c298887
_d298887